[Event "CAN-op U1800"]
[Site "Sault Ste Marie CAN"]
[Date "2017.07.16"]
[Round "9.45"]
[White "Armstrong, Robert J"]
[Black "Essery, Richard"]
[Result "1-0"]
[WhiteElo "1503"]
[BlackElo "1630"]
[WhiteFideId "-1"]
[WhiteFideId "-1"]
[PlyCount "63"]
[GameId "2160767908344210"]
[EventDate "2017.07.08"]
[EventType "swiss"]
[EventRounds "9"]
[EventCountry "CAN"]
[SourceTitle "hb 2017"]

1. d4 c5 2. d5 b5 3. e3 a6 4. c4 Qb6 5. cxb5 axb5 6. Nc3 Ba6 7. Bd3 Nf6 8. e4 c4 9. Bc2 e6 10. Nf3 Bc5 11. O-O O-O 12. a3 Bb7 13. b4 Bxb4 14. Bb2 Bc5 15. h3 Na6 16. Ne2 exd5 17. Bxf6 Qxf6 18. e5 Qe6 19. Bxh7+ Kh8 20. Ned4 Bxd4 21. Qxd4 d6 22. Rfe1 dxe5 23. Rxe5 Qh6 24. Bc2 f6 25. Re7 Bc6 26. Nh4 Rfe8 27. Nf5 Qg5 28. Rxg7 Qxg7 29. Qh4+ Kg8 30. Nxg7 Kxg7 31. Qh7+ Kf8 32. Bg6 1-0

[Event "CAN-op U1800"]
[Site "Sault Ste Marie CAN"]
[Date "2017.07.16"]
[Round "9.46"]
[White "Jones, Avery"]
[Black "Thomson, Bruce"]
[Result "1/2-1/2"]
[WhiteElo "1392"]
[BlackElo "1371"]
[WhiteFideId "-1"]
[WhiteFideId "-1"]
[PlyCount "56"]
[GameId "2160767908344211"]
[EventDate "2017.07.08"]
[EventType "swiss"]
[EventRounds "9"]
[EventCountry "CAN"]
[SourceTitle "hb 2017"]

1. d4 Nf6 2. Bf4 g6 3. e3 Bg7 4. Be2 O-O 5. h3 d6 6. Nf3 b6 7. O-O Bb7 8. Nbd2 Nbd7 9. c3 c5 10. Rb1 Qc8 11. Bd3 Ba6 12. Qe2 Bxd3 13. Qxd3 Qc6 14. Rfe1 d5 15. Ne5 Nxe5 16. Bxe5 c4 17. Qe2 Nd7 18. Bxg7 Kxg7 19. e4 e6 20. e5 Rae8 21. Nf3 f6 22. exf6+ Rxf6 23. Qe3 Qc7 24. Re2 Qf4 25. Rbe1 Qxe3 26. Rxe3 h6 27. Ne5 Nxe5 28. Rxe5 Kf7 1/2-1/2

[Event "CAN-op U1800"]
[Site "Sault Ste Marie CAN"]
[Date "2017.07.16"]
[Round "9.47"]
[White "Jacobs, Michael"]
[Black "Benggawan, Undriadi"]
[Result "1/2-1/2"]
[WhiteElo "1603"]
[BlackElo "1639"]
[WhiteFideId "-1"]
[WhiteFideId "-1"]
[PlyCount "64"]
[GameId "2160767908344212"]
[EventDate "2017.07.08"]
[EventType "swiss"]
[EventRounds "9"]
[EventCountry "CAN"]
[SourceTitle "hb 2017"]

1. e4 d5 2. exd5 Nf6 3. Nf3 Bg4 4. h3 Bh5 5. Nc3 Nxd5 6. d4 Nxc3 7. bxc3 e6 8. Bd3 c6 9. O-O Be7 10. Re1 Nd7 11. c4 Nb6 12. c3 O-O 13. Bf4 Nd7 14. Rb1 b6 15. Re3 Re8 16. Qc2 Nf8 17. Ne5 Rc8 18. Be4 Bg6 19. Kf1 f6 20. Nf3 Bf7 21. g4 Bd6 22. Bxd6 Qxd6 23. Ke2 Ng6 24. h4 Nf4+ 25. Kd2 Bg6 26. h5 Bxe4 27. Rxe4 f5 28. gxf5 exf5 29. Re5 Rxe5 30. Nxe5 Rf8 31. Rh1 Qh6 32. Kd1 g5 1/2-1/2

[Event "CAN-op U1800"]
[Site "Sault Ste Marie CAN"]
[Date "2017.07.16"]
[Round "9.48"]
[White "Sadler, Kirk"]
[Black "Sztuka, Jeremy"]
[Result "1-0"]
[WhiteElo "1422"]
[BlackElo "1526"]
[WhiteFideId "-1"]
[WhiteFideId "-1"]
[PlyCount "53"]
[GameId "2160767908344213"]
[EventDate "2017.07.08"]
[EventType "swiss"]
[EventRounds "9"]
[EventCountry "CAN"]
[SourceTitle "hb 2017"]

1. e4 b6 2. d4 Bb7 3. Nc3 e6 4. Bd3 Bb4 5. Bd2 Nf6 6. Nge2 c5 7. dxc5 bxc5 8. O-O O-O 9. Bg5 Nc6 10. a3 Ba5 11. f4 Qb6 12. Kh1 Ne8 13. Na4 Qc7 14. Nxc5 Bb6 15. Nxb7 Qxb7 16. e5 Nc7 17. Nc3 Nd4 18. Ne4 Nf5 19. Nf6+ gxf6 20. Bxf6 Qxg2+ 21. Kxg2 Ne3+ 22. Kf3 Nxd1 23. Raxd1 Rfc8 24. Rd2 Nd5 25. Rg2+ Kf8 26. Bxh7 Nxf6 27. exf6 1-0

[Event "CAN-op U1800"]
[Site "Sault Ste Marie CAN"]
[Date "2017.07.16"]
[Round "9.49"]
[White "Piche, Zachary"]
[Black "Vo, Andy"]
[Result "0-1"]
[WhiteElo "1456"]
[BlackElo "1512"]
[WhiteFideId "-1"]
[WhiteFideId "-1"]
[PlyCount "116"]
[GameId "2160767908344214"]
[EventDate "2017.07.08"]
[EventType "swiss"]
[EventRounds "9"]
[EventCountry "CAN"]
[SourceTitle "hb 2017"]

1. Nf3 Nf6 2. g3 d5 3. c4 e6 4. Nc3 c5 5. cxd5 Nxd5 6. Bg2 Be7 7. O-O O-O 8. Qc2 Na6 9. a3 Nac7 10. b3 Rb8 11. Bb2 b5 12. Ne5 Bb7 13. Nxd5 Bxd5 14. Qc3 Bf6 15. Rac1 Bxg2 16. Kxg2 Qd5+ 17. Kg1 Na6 18. f4 Rfd8 19. d3 Rb6 20. Rfd1 Qb7 21. d4 Rbd6 22. e3 Bxe5 23. fxe5 R6d7 24. Qc2 Qf3 25. Qf2 Qxf2+ 26. Kxf2 Rc8 27. dxc5 Rxd1 28. Rxd1 Nxc5 29. b4 Na4 30. Bd4 a6 31. Bc5 Nxc5 32. bxc5 Kf8 33. Rc1 Rc6 34. Kf3 Ke7 35. Ke4 Kd7 36. h4 Kc7 37. g4 Kb7 38. g5 g6 39. Kd4 a5 40. Rb1 Ka6 41. Rb2 Rc8 42. Rf2 Rc7 43. Rc2 Kb7 44. Rb2 Kc6 45. Rh2 Rd7+ 46. Ke4 Kxc5 47. Rc2+ Kb6 48. Rb2 Rc7 49. Kd3 Rc5 50. a4 Rxe5 51. Kd4 Rd5+ 52. Kc3 b4+ 53. Kc4 Rc5+ 54. Kd4 Kc6 55. e4 Kb6 56. Rb3 Rc3 57. Rxc3 bxc3 58. Kxc3 Kc5 0-1

[Event "CAN-op U2200"]
[Site "Sault Ste Marie CAN"]
[Date "2017.07.11"]
[Round "1"]
[White "Chernik, Dmitry"]
[Black "Selling, Edward"]
[Result "1/2-1/2"]
[WhiteElo "2041"]
[BlackElo "1845"]
[WhiteFideId "-1"]
[WhiteFideId "-1"]
[PlyCount "110"]
[GameId "2160767908344217"]
[EventDate "2017.07.08"]
[EventType "swiss"]
[EventRounds "9"]
[EventCountry "CAN"]
[SourceTitle "EXT 2022"]
[Source "ChessBase"]
[SourceDate "2021.10.06"]
[SourceVersion "1"]
[SourceVersionDate "2021.10.06"]
[SourceQuality "1"]

1. e4 c5 2. Nc3 e6 3. f4 Nc6 4. Nf3 a6 5. a4 Qc7 6. d3 b6 7. g3 Bb7 8. Bg2 Nd4 9. O-O Nf6 10. e5 Nd5 11. Nxd4 cxd4 12. Nxd5 Bxd5 13. Bxd5 exd5 14. f5 O-O-O 15. Bf4 Qc6 16. Qf3 Bc5 17. Rab1 a5 18. Kg2 Rde8 19. c3 dxc3 20. bxc3 d4 21. Qxc6+ dxc6 22. c4 Kd7 23. Rbe1 h6 24. Re4 Re7 25. Rfe1 Rhe8 26. Bc1 Kc7 27. Rg4 f6 28. e6 Bb4 29. Ree4 Bc3 30. Rg6 b5 31. cxb5 cxb5 32. axb5 Kb6 33. Ba3 Rb7 34. e7 Kxb5 35. Rxg7 Ka4 36. Bc5 Kb3 37. Rf7 Bb4 38. Rf8 Rexe7 39. Bxe7 Rxe7 40. Rxe7 Bxe7 41. Rf7 Bb4 42. Rxf6 a4 43. Ra6 a3 44. f6 a2 45. f7 Bf8 46. Kf3 Kb2 47. Ke4 Bg7 48. g4 a1=Q 49. Rxa1 Kxa1 50. f8=Q Bxf8 51. Kxd4 Kb2 52. Ke4 Kc3 53. d4 Kc4 54. d5 Kc5 55. Ke5 Bd6+ 1/2-1/2

[Event "CAN-op U2200"]
[Site "Sault Ste Marie CAN"]
[Date "2017.07.11"]
[Round "1"]
[White "Ellis, James"]
[Black "Kang, Dorian"]
[Result "0-1"]
[WhiteElo "1853"]
[BlackElo "2026"]
[WhiteFideId "-1"]
[WhiteFideId "-1"]
[PlyCount "86"]
[GameId "2160767908344218"]
[EventDate "2017.07.08"]
[EventType "swiss"]
[EventRounds "9"]
[EventCountry "CAN"]
[SourceTitle "EXT 2022"]
[Source "ChessBase"]
[SourceDate "2021.10.06"]
[SourceVersion "1"]
[SourceVersionDate "2021.10.06"]
[SourceQuality "1"]

1. d4 Nf6 2. c4 g6 3. Nc3 d5 4. Nf3 Bg7 5. cxd5 Nxd5 6. e4 Nxc3 7. bxc3 c5 8. Rb1 O-O 9. Be2 cxd4 10. cxd4 Qa5+ 11. Bd2 Qxa2 12. O-O Bg4 13. Bg5 h6 14. Be3 b6 15. Re1 Nc6 16. d5 Na5 17. Nd4 Bxe2 18. Rxe2 Qc4 19. Rc2 Qa6 20. Rc7 Rab8 21. Nb5 Rb7 22. Qc1 Be5 23. Rc8 Rb8 24. Rxf8+ Rxf8 25. Bxh6 Rc8 26. Qg5 Bf6 27. Qg3 Bg7 28. Bxg7 Qxb5 29. Rf1 Kxg7 30. Qe5+ Kg8 31. Qxe7 Re8 32. Qxa7 Rxe4 33. d6 Rd4 34. Re1 Kg7 35. Qe7 Qd5 36. d7 Qxd7 37. Qe5+ Kh7 38. g3 Rd1 39. h4 Rxe1+ 40. Qxe1 Qd5 41. Qc3 Nc6 42. h5 gxh5 43. Qf6 b5 0-1

[Event "CAN-op U2200"]
[Site "Sault Ste Marie CAN"]
[Date "2017.07.11"]
[Round "1"]
[White "Kuryliw, Ray"]
[Black "Drkulec, Vladimir"]
[Result "0-1"]
[WhiteElo "1838"]
[BlackElo "2000"]
[WhiteFideId "-1"]
[WhiteFideId "-1"]
[PlyCount "75"]
[GameId "2160767908344219"]
[EventDate "2017.07.08"]
[EventType "swiss"]
[EventRounds "9"]
[EventCountry "CAN"]
[SourceTitle "EXT 2022"]
[Source "ChessBase"]
[SourceDate "2021.10.06"]
[SourceVersion "1"]
[SourceVersionDate "2021.10.06"]
[SourceQuality "1"]

1. f4 b6 2. Nf3 Bb7 3. b3 Nf6 4. Bb2 g6 5. e3 Bg7 6. Be2 c5 7. O-O O-O 8. Qe1 e6 9. Ne5 d6 10. Nd3 Nc6 11. Nc3 d5 12. Bf3 a5 13. Na4 Ba6 14. Rf2 Rc8 15. Rc1 Bxd3 16. cxd3 Nb4 17. Qe2 Nxa2 18. Rcf1 d4 19. Ba3 Nb4 20. e4 b5 21. Bxb4 bxa4 22. Ba3 axb3 23. g4 Nd7 24. g5 e5 25. f5 Qxg5+ 26. Rg2 Qd8 27. Bg4 Rc6 28. fxg6 fxg6 29. Rxf8+ Bxf8 30. Bf5 Be7 31. Qg4 Nf8 32. Qd1 a4 33. Qc1 c4 34. Bxe7 Qxe7 35. dxc4 d3 36. Qc3 Qc5+ 37. Kf1 Qd4 38. Qb4 0-1

[Event "CAN-op U2200"]
[Site "Sault Ste Marie CAN"]
[Date "2017.07.11"]
[Round "1"]
[White "Kuttner, Simon"]
[Black "Villeneuve, Robert"]
[Result "1-0"]
[WhiteElo "2040"]
[BlackElo "1865"]
[WhiteFideId "-1"]
[WhiteFideId "-1"]
[PlyCount "57"]
[GameId "2160767908344220"]
[EventDate "2017.07.08"]
[EventType "swiss"]
[EventRounds "9"]
[EventCountry "CAN"]
[SourceTitle "EXT 2022"]
[Source "ChessBase"]
[SourceDate "2021.10.06"]
[SourceVersion "1"]
[SourceVersionDate "2021.10.06"]
[SourceQuality "1"]

1. e4 e6 2. d4 d5 3. exd5 exd5 4. Nf3 Bd6 5. c4 Nf6 6. Nc3 O-O 7. cxd5 Re8+ 8. Be2 h6 9. O-O a6 10. a4 a5 11. h3 Na6 12. Bb5 Bd7 13. Qb3 Nb4 14. Be3 Bxb5 15. axb5 Nbxd5 16. Nxd5 Nxd5 17. Bd2 Bb4 18. Bxb4 Nxb4 19. Qc4 Nd5 20. Rfe1 Rxe1+ 21. Rxe1 Qd6 22. Re5 Rd8 23. Qa2 b6 24. Qc4 Nf4 25. Qb3 Ne6 26. Qe3 Nxd4 27. Re8+ Rxe8 28. Qxe8+ Kh7 29. Qe4+ 1-0

[Event "CAN-op U2200"]
[Site "Sault Ste Marie CAN"]
[Date "2017.07.11"]
[Round "1"]
[White "Lambruschini, Alex"]
[Black "Konovalenko, Sasha"]
[Result "1/2-1/2"]
[WhiteElo "1837"]
[BlackElo "1982"]
[WhiteFideId "-1"]
[WhiteFideId "-1"]
[PlyCount "156"]
[GameId "2160767908344221"]
[EventDate "2017.07.08"]
[EventType "swiss"]
[EventRounds "9"]
[EventCountry "CAN"]
[SourceTitle "EXT 2022"]
[Source "ChessBase"]
[SourceDate "2021.10.06"]
[SourceVersion "1"]
[SourceVersionDate "2021.10.06"]
[SourceQuality "1"]

1. e4 d5 2. exd5 Qxd5 3. Nc3 Qd6 4. Nf3 Bg4 5. Be2 Nf6 6. O-O c6 7. d3 Nbd7 8. Be3 e6 9. Qd2 Qc7 10. Rad1 Bd6 11. h3 Bh5 12. Rfe1 O-O 13. Ne4 Be7 14. Bf4 Qb6 15. c3 Bg6 16. Qc2 Nd5 17. Bg3 h6 18. Ne5 Nxe5 19. Bxe5 Rfd8 20. Bd4 Qc7 21. Be3 Nxe3 22. fxe3 Rab8 23. Nf2 Qg3 24. Bf3 Bd6 25. Nh1 Qg5 26. Qf2 Bf5 27. Kf1 Bg6 28. e4 a6 29. Ke2 Qb5 30. Kf1 Bc7 31. Qe2 Qe5 32. Qf2 Rd7 33. g3 Rbd8 34. Qc2 h5 35. Kg2 h4 36. d4 Qg5 37. Qf2 hxg3 38. Nxg3 e5 39. Bg4 Re7 40. Nf5 Ree8 41. Qf3 exd4 42. cxd4 Bxf5 43. Qxf5 Qxf5 44. Bxf5 g6 45. Bg4 Bb6 46. d5 cxd5 47. exd5 Rxe1 48. Rxe1 Rxd5 49. Re8+ Kg7 50. Re7 Rd2+ 51. Re2 Rd1 52. Bf3 Rd7 53. Re8 Bd4 54. b3 b6 55. Be2 a5 56. a4 Bc5 57. Bc4 Rd2+ 58. Re2 Rd4 59. Re5 Rf4 60. Rd5 Rf2+ 61. Kg3 Rf6 62. Rd7 Kf8 63. Rd8+ Kg7 64. Rd7 Rf5 65. Rd5 Rxd5 66. Bxd5 Bd6+ 67. Kg4 f5+ 68. Kg5 Bb4 69. Kf4 Kf6 70. Bf3 Be1 71. Be2 Bf2 72. Kf3 Bh4 73. Kf4 Bg5+ 74. Kf3 Ke5 75. Bc4 Bh4 76. Bf7 g5 77. Bh5 Kd4 78. Bf7 Be1 1/2-1/2

[Event "CAN-op U2200"]
[Site "Sault Ste Marie CAN"]
[Date "2017.07.11"]
[Round "1"]
[White "Li, Eric M"]
[Black "Rowlinson, Terry"]
[Result "1-0"]
[WhiteElo "1992"]
[BlackElo "1837"]
[WhiteFideId "-1"]
[WhiteFideId "-1"]
[PlyCount "98"]
[GameId "2160767908344222"]
[EventDate "2017.07.08"]
[EventType "swiss"]
[EventRounds "9"]
[EventCountry "CAN"]
[SourceTitle "EXT 2022"]
[Source "ChessBase"]
[SourceDate "2021.10.06"]
[SourceVersion "1"]
[SourceVersionDate "2021.10.06"]
[SourceQuality "1"]

1. d4 e6 2. Bf4 Nf6 3. Nf3 b6 4. e3 Bb7 5. Bd3 Be7 6. h3 d6 7. O-O Nbd7 8. Nbd2 c5 9. Re1 d5 10. c3 O-O 11. a4 Ne4 12. a5 c4 13. Bc2 bxa5 14. Nxe4 dxe4 15. Nd2 Nf6 16. Nxc4 Bd5 17. Nxa5 Qc8 18. Qe2 Bd8 19. Rec1 Bxa5 20. Rxa5 Bc4 21. Qd1 Bd5 22. Bb3 Qd8 23. Ra3 Qb6 24. c4 Bb7 25. Qd2 Rfd8 26. Qa5 Nd7 27. Bc7 Qxa5 28. Bxa5 Rdc8 29. Ba2 Nb6 30. b4 Ba6 31. b5 Bb7 32. Rac3 Nd7 33. c5 Bd5 34. Bxd5 exd5 35. Rb1 Rab8 36. Ra3 Kf8 37. Kh2 Ke8 38. Kg3 a6 39. b6 Rb7 40. Be1 Nb8 41. Kh2 Kd7 42. f3 f5 43. Bg3 Nc6 44. fxe4 fxe4 45. Rxa6 Rf8 46. Raa1 Ne7 47. Ra7 Kc6 48. Bd6 Re8 49. Rxb7 Kxb7 1-0

[Event "CAN-op U2200"]
[Site "Sault Ste Marie CAN"]
[Date "2017.07.11"]
[Round "1"]
[White "Saine, Zachary"]
[Black "Piccinin, Mario"]
[Result "1/2-1/2"]
[WhiteElo "1966"]
[BlackElo "1826"]
[WhiteFideId "-1"]
[WhiteFideId "-1"]
[PlyCount "127"]
[GameId "2160767908344223"]
[EventDate "2017.07.08"]
[EventType "swiss"]
[EventRounds "9"]
[EventCountry "CAN"]
[SourceTitle "EXT 2022"]
[Source "ChessBase"]
[SourceDate "2021.10.06"]
[SourceVersion "1"]
[SourceVersionDate "2021.10.06"]
[SourceQuality "1"]

1. e4 Nc6 2. d4 d5 3. e5 f6 4. exf6 Nxf6 5. Bf4 Bf5 6. Nf3 e6 7. c3 Bd6 8. Bg3 Ne4 9. Bd3 O-O 10. O-O Qf6 11. Re1 Bxg3 12. fxg3 Rae8 13. Nh4 Bg4 14. Nf3 Ng5 15. Nbd2 Bxf3 16. Nxf3 Nxf3+ 17. Qxf3 Qxf3 18. gxf3 Rxf3 19. Bb5 Kf7 20. Kg2 Rf6 21. Re3 Ke7 22. Bxc6 bxc6 23. b4 Kd6 24. Rae1 a5 25. a3 axb4 26. cxb4 Rf5 27. a4 Rf6 28. a5 Rb8 29. Rb1 Rff8 30. Rc3 Ra8 31. Rbc1 Ra6 32. b5 cxb5 33. Rxc7 Rb8 34. Rxg7 b4 35. Rcc7 e5 36. Rgd7+ Ke6 37. Re7+ Kf6 38. dxe5+ Kf5 39. Rb7 Rxb7 40. Rxb7 Rxa5 41. Rxb4 Kxe5 42. Rb7 Ra2+ 43. Kh3 h5 44. Rh7 Ke4 45. Rxh5 d4 46. Kg4 d3 47. Rh8 Ke3 48. Re8+ Kf2 49. Rf8+ Ke2 50. Re8+ Kd1 51. h4 Ra4+ 52. Kf5 Rd4 53. Ra8 d2 54. h5 Ke2 55. Ra2 Kf3 56. Rxd2 Rxd2 57. h6 Rd6 58. h7 Rh6 59. g4 Rxh7 60. g5 Rh5 61. Kf6 Kg4 62. g6 Rg5 63. g7 Kh5 64. Kf7 1/2-1/2

[Event "CAN-op U2200"]
[Site "Sault Ste Marie CAN"]
[Date "2017.07.11"]
[Round "1"]
[White "Shah, Omar"]
[Black "Ehab, Mohamed"]
[Result "1-0"]
[WhiteElo "1879"]
[BlackElo "2057"]
[WhiteFideId "-1"]
[WhiteFideId "-1"]
[PlyCount "89"]
[GameId "2160767908344224"]
[EventDate "2017.07.08"]
[EventType "swiss"]
[EventRounds "9"]
[EventCountry "CAN"]
[SourceTitle "EXT 2022"]
[Source "ChessBase"]
[SourceDate "2021.10.06"]
[SourceVersion "1"]
[SourceVersionDate "2021.10.06"]
[SourceQuality "1"]

1. e4 e6 2. Qe2 c5 3. Nf3 Nc6 4. e5 d6 5. exd6 Bxd6 6. c3 Nf6 7. d3 O-O 8. Bg5 h6 9. Bh4 e5 10. Nbd2 Bf5 11. Nc4 b5 12. Ne3 Be6 13. Nd2 Be7 14. Bxf6 Bxf6 15. Qf3 Qd7 16. g4 Be7 17. Nf5 Bd5 18. Ne4 Kh7 19. h4 Bxe4 20. Qxe4 g6 21. Bg2 Rac8 22. Nxe7 Nxe7 23. h5 Qe6 24. hxg6+ fxg6 25. Qe3 Rf4 26. Qh3 g5 27. Be4+ Kg7 28. f3 Rh8 29. Qh2 Ng6 30. Qf2 c4 31. d4 Rhf8 32. Qe3 Nh4 33. O-O-O Nxf3 34. d5 Qb6 35. Qe2 Nh4 36. Bf5 e4 37. Rxh4 gxh4 38. d6 e3 39. Qh2 R4xf5 40. gxf5 Rxf5 41. d7 Qd8 42. Qg1+ Kf7 43. Qxe3 Rg5 44. Rf1+ Kg6 45. Qe8+ 1-0

[Event "CAN-op U2200"]
[Site "Sault Ste Marie CAN"]
[Date "2017.07.11"]
[Round "1"]
[White "Wu, Chenxi"]
[Black "Aniunoh, Chike Jude"]
[Result "0-1"]
[WhiteElo "1904"]
[BlackElo "2153"]
[WhiteFideId "-1"]
[WhiteFideId "-1"]
[PlyCount "88"]
[GameId "2160767908344225"]
[EventDate "2017.07.08"]
[EventType "swiss"]
[EventRounds "9"]
[EventCountry "CAN"]
[SourceTitle "EXT 2022"]
[Source "ChessBase"]
[SourceDate "2021.10.06"]
[SourceVersion "1"]
[SourceVersionDate "2021.10.06"]
[SourceQuality "1"]

1. e4 e6 2. d4 d5 3. e5 c5 4. c3 Bd7 5. Nf3 Qb6 6. Bd3 Bb5 7. O-O Bxd3 8. Qxd3 Nc6 9. Nbd2 cxd4 10. cxd4 a5 11. a3 Nge7 12. Rd1 Nf5 13. Nf1 a4 14. Ne3 Nxe3 15. Bxe3 Na5 16. Nd2 Be7 17. Rab1 Qa6 18. Qc2 Qc6 19. Qd3 Qa6 20. Qc2 Qc6 21. Qd3 b5 22. Rdc1 Qd7 23. b4 axb3 24. Nxb3 Nc4 25. Ra1 Rxa3 26. Rxa3 Bxa3 27. Ra1 O-O 28. Bg5 Qc6 29. Qg3 Ra8 30. h4 Bf8 31. Rf1 Ra3 32. Bc1 Ra2 33. h5 b4 34. f4 Rc2 35. Rf3 Na5 36. Nxa5 Rxc1+ 37. Kh2 Qc7 38. f5 exf5 39. Nb3 Rc3 40. h6 g6 41. Nc5 Bxc5 42. Rxc3 bxc3 43. Qxc3 Bb6 44. Qa3 Qd8 0-1

[Event "CAN-op U2200"]
[Site "Sault Ste Marie CAN"]
[Date "2017.07.11"]
[Round "1"]
[White "Xu, Ruoying"]
[Black "Javidfard, Amirsalar"]
[Result "0-1"]
[WhiteElo "2064"]
[BlackElo "1958"]
[WhiteFideId "-1"]
[WhiteFideId "-1"]
[PlyCount "102"]
[GameId "2160767908344226"]
[EventDate "2017.07.08"]
[EventType "swiss"]
[EventRounds "9"]
[EventCountry "CAN"]
[SourceTitle "EXT 2022"]
[Source "ChessBase"]
[SourceDate "2021.10.06"]
[SourceVersion "1"]
[SourceVersionDate "2021.10.06"]
[SourceQuality "1"]

1. d4 d5 2. Nf3 Nf6 3. Bg5 h6 4. Bh4 g6 5. e3 Bg7 6. Bd3 O-O 7. O-O c5 8. c3 b6 9. Ne5 Ba6 10. Bxa6 Nxa6 11. Nd2 Qe8 12. f4 Nd7 13. Qe2 Nc7 14. Rad1 Kh7 15. Bg3 f5 16. Kh1 Nf6 17. Bh4 c4 18. g4 fxg4 19. Nxg4 Nh5 20. Rg1 Bf6 21. Nf3 Qc8 22. Nge5 Rg8 23. Bxf6 exf6 24. Nxg6 Qf5 25. Ngh4 Qe4 26. Rxg8 Rxg8 27. Ng2 Ne6 28. Re1 Qf5 29. Ng5+ fxg5 30. Qxh5 Rg7 31. Qf3 g4 32. Qf2 Ng5 33. Nh4 Qe4+ 34. Ng2 Nf3 35. Rc1 Nxh2 36. Qc2 Nf3 37. Qxe4+ dxe4 38. Ne1 h5 39. Kg2 Nh4+ 40. Kg1 Kg6 41. d5 Nf5 42. Rd1 h4 43. b3 b5 44. Nc2 Rd7 45. Kh2 Kh5 46. bxc4 bxc4 47. d6 Rxd6 48. Rxd6 Nxd6 49. Nd4 Kg6 50. Kg2 Nf5 51. Nc2 Kh5 0-1

[Event "CAN-op U2200"]
[Site "Sault Ste Marie CAN"]
[Date "2017.07.11"]
[Round "1"]
[White "Zapata, Julian"]
[Black "Gaisinsky, Adam"]
[Result "0-1"]
[WhiteElo "1876"]
[BlackElo "2056"]
[WhiteFideId "-1"]
[WhiteFideId "-1"]
[PlyCount "176"]
[GameId "2160767908344227"]
[EventDate "2017.07.08"]
[EventType "swiss"]
[EventRounds "9"]
[EventCountry "CAN"]
[SourceTitle "EXT 2022"]
[Source "ChessBase"]
[SourceDate "2021.10.06"]
[SourceVersion "1"]
[SourceVersionDate "2021.10.06"]
[SourceQuality "1"]

1. e4 e5 2. Nf3 Nc6 3. Bc4 Nf6 4. Ng5 d5 5. exd5 Na5 6. Bb5+ c6 7. dxc6 bxc6 8. Qf3 Be7 9. Bxc6+ Nxc6 10. Qxc6+ Bd7 11. Qa6 O-O 12. Nc3 Rc8 13. O-O Bc6 14. d3 Nd5 15. Nge4 Nb4 16. Qc4 Ba4 17. Nc5 Bxc5 18. Qg4 Bd7 19. Qe2 Nc6 20. Be3 Nd4 21. Bxd4 Bxd4 22. Nd1 Qg5 23. Kh1 Bc6 24. f3 Rfe8 25. c3 Bb6 26. a4 f5 27. b4 a5 28. Nb2 axb4 29. cxb4 Bd4 30. Nc4 Qe7 31. Rab1 Bxa4 32. Qa2 Bd7 33. Nd6+ Be6 34. Nxc8 Rxc8 35. Qe2 Rb8 36. Qd2 Bd5 37. Rfc1 Qa7 38. Rc2 h6 39. h3 Rd8 40. b5 e4 41. dxe4 fxe4 42. fxe4 Bxe4 43. Ra2 Qd7 44. Rb3 Bd5 45. Qd3 Bxb3 46. Qxb3+ Kh8 47. Rd2 Qc7 48. Qc2 Qxc2 49. Rxc2 Rb8 50. Rc4 Bf6 51. Rb4 Kg8 52. g4 Kf7 53. Kg2 Ke6 54. Kf3 Kd5 55. Rb1 Rb7 56. Kf4 Kc5 57. Rc1+ Kxb5 58. Rh1 Kc6 59. h4 Rb5 60. Rc1+ Kd6 61. Rh1 Ke6 62. Re1+ Kf7 63. Rh1 Rb4+ 64. Kf3 Ke6 65. Re1+ Kd5 66. g5 hxg5 67. hxg5 Bxg5 68. Re8 Bf6 69. Ke3 g5 70. Kf3 Rf4+ 71. Kg3 Re4 72. Ra8 Ke6 73. Kf3 Kf5 74. Rf8 g4+ 75. Kf2 Rf4+ 76. Kg3 Rf3+ 77. Kg2 Ke4 78. Rg8 Kf5 79. Rf8 Rc3 80. Kf2 g3+ 81. Kg2 Ke6 82. Rg8 Be5 83. Re8+ Kf5 84. Rf8+ Ke4 85. Rg8 Rc2+ 86. Kg1 Kf3 87. Rf8+ Bf4 88. Rc8 Rxc8 0-1

[Event "CAN-op U2200"]
[Site "Sault Ste Marie CAN"]
[Date "2017.07.11"]
[Round "1.21"]
[White "Kiviaho, Robert"]
[Black "Zhao, Ian"]
[Result "1-0"]
[WhiteElo "2191"]
[BlackElo "1930"]
[WhiteFideId "-1"]
[WhiteFideId "-1"]
[PlyCount "129"]
[GameId "2160767908344228"]
[EventDate "2017.07.08"]
[EventType "swiss"]
[EventRounds "9"]
[EventCountry "CAN"]
[SourceTitle "EXT 2022"]
[Source "ChessBase"]
[SourceDate "2021.10.06"]
[SourceVersion "1"]
[SourceVersionDate "2021.10.06"]
[SourceQuality "1"]

1. e4 e5 2. Nf3 Nc6 3. Bb5 a6 4. Ba4 Nf6 5. d3 b5 6. Bb3 Be7 7. O-O O-O 8. Nc3 d6 9. h3 h6 10. a4 b4 11. Nd5 Nxd5 12. Bxd5 Bd7 13. Be3 Rb8 14. Qe2 Bf6 15. Nh2 Ne7 16. Bc4 a5 17. Qh5 Nc8 18. f4 Qe7 19. f5 Nb6 20. Bb3 Bg5 21. Bxg5 Qxg5 22. Qxg5 hxg5 23. Nf3 c6 24. Nxg5 d5 25. Nf3 Rfe8 26. g4 dxe4 27. Ng5 Re7 28. Nxe4 Nd5 29. f6 Re6 30. g5 Rf8 31. Nc5 Rd6 32. Nb7 Re6 33. Nxa5 gxf6 34. gxf6 Rxf6 35. Rxf6 Nxf6 36. Kh2 Nd5 37. Nc4 f6 38. a5 Kh7 39. a6 Bc8 40. Nd6 Bd7 41. Ne4 Nb6 42. Nc5 Bf5 43. Rf1 Kg6 44. Rg1+ Kh7 45. Rf1 Kg6 46. Be6 Bxe6 47. Nxe6 Rf7 48. Nc5 Ra7 49. Kg3 Nd7 50. Nxd7 Rxd7 51. h4 Ra7 52. Ra1 f5 53. Ra4 Kf6 54. Ra5 Rg7+ 55. Kf3 Ra7 56. c3 bxc3 57. bxc3 Ke6 58. d4 exd4 59. cxd4 Kf6 60. Kf4 Kg6 61. Ke5 Kh5 62. Kxf5 Kxh4 63. Ke5 Kg5 64. Kd6+ Kf6 65. Kxc6 1-0

[Event "CAN-op U2200"]
[Site "Sault Ste Marie CAN"]
[Date "2017.07.11"]
[Round "1.22"]
[White "Ning, Eric"]
[Black "Calvelo, Jelvis"]
[Result "0-1"]
[WhiteElo "1922"]
[BlackElo "2187"]
[WhiteFideId "-1"]
[WhiteFideId "-1"]
[PlyCount "122"]
[GameId "2160767908344229"]
[EventDate "2017.07.08"]
[EventType "swiss"]
[EventRounds "9"]
[EventCountry "CAN"]
[SourceTitle "hb 2017"]

1. d4 Nf6 2. c4 e5 3. dxe5 Ng4 4. Nf3 Nc6 5. Nbd2 Ngxe5 6. g3 Bb4 7. Bg2 Nxc4 8. O-O Nxd2 9. Bxd2 Bxd2 10. Qxd2 O-O 11. b4 a6 12. Rfc1 Qe7 13. Rab1 d6 14. a3 Bf5 15. Rb3 Rfe8 16. Re3 Qf6 17. Rec3 Be4 18. a4 Bxf3 19. Rxf3 Qd4 20. Rd3 Qxb4 21. Bxc6 Qxd2 22. Rxd2 bxc6 23. Rxc6 Ra7 24. Rdc2 g6 25. Rxc7 Rxc7 26. Rxc7 Re4 27. a5 Ra4 28. Rc6 Rxa5 29. Rxd6 Ra2 30. Kg2 a5 31. Ra6 a4 32. h4 h5 33. g4 hxg4 34. Kg3 a3 35. Kxg4 Rxe2 36. Rxa3 Rxf2 37. Rh3 f6 38. Ra3 Kg7 39. Kg3 Rb2 40. Ra5 Rb3+ 41. Kf4 Kh6 42. Ra7 f5 43. Rf7 Rh3 44. Ra7 Rxh4+ 45. Kg3 Kg5 46. Ra5 Rc4 47. Ra6 Rc3+ 48. Kf2 Kh5 49. Ra1 g5 50. Rh1+ Kg4 51. Ke2 Rc2+ 52. Kd3 Rg2 53. Ra1 f4 54. Ra4 Kf3 55. Kd4 Re2 56. Ra3+ Kf2 57. Ra8 g4 58. Rg8 g3 59. Rg4 f3 60. Kd5 g2 61. Rxg2+ Kxg2 0-1